| 000 | 00798nam a22002057a 4500 | ||
|---|---|---|---|
| 005 | 20250409151537.0 | ||
| 010 | _aENG-121260 ENG-144597 | ||
| 020 |
_c250.00 _a9789350870286 |
||
| 035 | _aEN-104792 | ||
| 035 | _aEN-128129 | ||
| 037 | _bDBAD/PUB | ||
| 082 | _a551.6 | ||
| 100 |
_aThompson, S.J.P _980539 |
||
| 245 |
_aClimate change untold truths and the ultimate solution/ _cby S.J.P. Thompson |
||
| 260 |
_aTamil Nadu _bS.J.P. Thomas _c2012 |
||
| 270 |
_aJustin Hospital,Kulasekaram, Kanyakumari District _bTamil Nadu _e629161 |
||
| 300 |
_ax, 258p. _c21cm(pbk) |
||
| 505 | _aAlso guides to end poverty, unemployment, corruption, crime, violance, terrorism, migration, environmental degradation, chaotic economy and other man-made evils. | ||
| 942 |
_2ddc _cEN _h551.6 _mTHO |
||
| 999 |
_c147233 _d147233 |
||